Ide o myslenie i srdcia

Bibliographic Details
Main Author: Višváder, Ján, 1927-2015 (Author)
Format: Article
Language:Slovak
Subjects:

MARC

LEADER 00000nab a2200000 a 4500
001 vtls000156313
003 SK-MaSNL
005 20260309145234.0
008 111104c1983 xo 0 slo
015 |a SNBRB19rr/mm-uuuuu 
035 |a CL0166420 
040 |a SNKBUCL  |b slo  |c SNKBUCL  |e AACR2 
041 0 |a slo 
044 |a xo  |c SK 
080 |a 070.1  |2 1981 
100 1 |a Višváder, Ján,  |d 1927-2015  |4 aut  |9 245832 
245 1 0 |a Ide o myslenie i srdcia  |c Ján Višváder 
650 0 7 |a tlač  |2 snkbucl  |9 1413 
655 7 |a články z novín a časopisov  |2 snkbucl  |9 267496 
773 0 |t Práca  |g Roč. 38, č. 184 (6. 8. 1983), s. 1-2 
850 |a Slovenská národná knižnica v Martine  |a MTA001 
852 |a SNK  |b KIS3GCP 
958 |a RK 
992 |a RBX 
999 |c 3365421  |d 3367351